000
00208nam a22000977a 4500
999
_c
16180
_d
16180
003
OSt
008
200616b ||||| |||| 00| 0 eng d
100
_a
Frank Tuohy
_9
4599
245
_a
The ice saints
942
_c
BK